[Event "Mistrzostwa Polski Niewidomych"]
[Site "Jastrzebia Gora"]
[Date "2010.06.09"]
[Round "1.1"]
[White "Pawelec, Bartosz"]
[Black "Kulpinski, Piotr"]
[Result "1-0"]
[WhiteElo "2045"]
[BlackElo "2048"]
[PlyCount "85"]
[EventDate "2010.??.??"]

1. e4 g6 2. d4 Bg7 3. c3 b6 4. f4 Nf6 5. Bd3 Bb7 6. Qe2 O-O 7. Nf3 Qc8 8. O-O
c5 9. d5 d6 10. c4 Na6 11. Nc3 Nc7 12. Bd2 e6 13. Qf2 exd5 14. cxd5 b5 15. Rae1
b4 16. Na4 Re8 17. Bc1 Ba6 18. Qc2 c4 19. Bxc4 Ncxd5 20. b3 Nb6 21. Nxb6 axb6
22. Rf2 Bxc4 23. bxc4 Ng4 24. Rfe2 Bc3 25. Rd1 Qxc4 26. Qd3 d5 27. exd5 Qc5+
28. Kf1 Red8 29. d6 b5 30. h3 Nf6 31. Ne5 Nd7 32. Be3 Nxe5 33. fxe5 Qc4 34. d7
Rab8 35. Bg5 Qc5 36. Qd6 Qxd6 37. Rxd6 Kg7 38. Bf6+ Kh6 39. Kf2 Ra8 40. Kf3 b3
41. axb3 Bb4 42. Rd4 g5 43. Bxd8 1-0

[Event "Mistrzostwa Polski Niewidomych"]
[Site "Jastrzebia Gora"]
[Date "2010.06.09"]
[Round "1.2"]
[White "Mackowiak, Marek"]
[Black "Falkowski, Dawid"]
[Result "1-0"]
[WhiteElo "2239"]
[BlackElo "2116"]
[PlyCount "71"]
[EventDate "2010.??.??"]

1. c4 e5 2. Nc3 Nc6 3. g3 g6 4. Bg2 Bg7 5. e3 d6 6. Nge2 Be6 7. b3 Qd7 8. h4
Nge7 9. Bb2 h6 10. d4 exd4 11. exd4 d5 12. O-O O-O 13. Nf4 Nxd4 14. Ncxd5 Nxd5
15. Nxe6 Nxe6 16. Bxg7 Nxg7 17. cxd5 Nf5 18. Rc1 Rfe8 19. Qc2 Re7 20. Rfd1 Rae8
21. Bf3 Qd6 22. Kg2 a6 23. Qb2 Re5 24. Rc2 Qf6 25. Qc1 Re3 26. Bg4 Nxh4+ 27.
gxh4 Qxh4 28. fxe3 Qxg4+ 29. Kf2 Qh4+ 30. Ke2 Qg4+ 31. Kd2 c5 32. Kc3 Rxe3+ 33.
Kb2 Re7 34. Rxc5 Kg7 35. d6 Re2+ 36. Rc2 1-0

[Event "Mistrzostwa Polski Niewidomych"]
[Site "Jastrzebia Gora"]
[Date "2010.06.09"]
[Round "1.3"]
[White "Dukaczewski, Piotr"]
[Black "Stachanczyk, Jacek"]
[Result "1-0"]
[WhiteElo "2317"]
[BlackElo "2238"]
[PlyCount "121"]
[EventDate "2010.??.??"]

1. c4 e5 2. Nc3 Nc6 3. g3 g6 4. Bg2 Bg7 5. d3 d6 6. Nf3 Nf6 7. O-O O-O 8. Rb1
Bf5 9. Nh4 Be6 10. Nd5 Qd7 11. Bg5 Ne8 12. b4 h6 13. Bd2 g5 14. Nf3 f5 15. b5
Nd8 16. Bb4 c6 17. bxc6 bxc6 18. Nc3 a5 19. Na4 axb4 20. Nb6 Qa7 21. Nxa8 Qxa8
22. Qb3 Rf7 23. Qxb4 Rb7 24. Qd2 Ra7 25. Rfc1 Rxa2 26. Rc2 Rxc2 27. Qxc2 Nc7
28. Nd2 Qa7 29. Qb3 Bf6 30. Qb6 Qxb6 31. Rxb6 d5 32. cxd5 cxd5 33. Nb3 Be7 34.
d4 e4 35. e3 Bd7 36. Na5 Kf7 37. Bf1 Bf6 38. Nb7 Nxb7 39. Rxb7 Bd8 40. Rb6 Bf6
41. Rb7 Bd8 42. Rb6 Ne6 43. Rd6 Ke7 44. Rxd5 Bc7 45. Bb5 Bc8 46. Bc4 f4 47.
gxf4 gxf4 48. Rh5 Ng5 49. Rxh6 Nh3+ 50. Kf1 fxe3 51. fxe3 Bxh2 52. Bd5 Bc7 53.
Bxe4 Ng5 54. Bd5 Bd6 55. Kf2 Bf5 56. Rh4 Bc7 57. e4 Bc8 58. Ke3 Bd7 59. Rh5 Kf6
60. Rh6+ Kg7 61. Ra6 1-0

[Event "Mistrzostwa Polski Niewidomych"]
[Site "Jastrzebia Gora"]
[Date "2010.06.09"]
[Round "1.4"]
[White "Migala, Andrzej"]
[Black "Gunajew, Rafal"]
[Result "0-1"]
[WhiteElo "2119"]
[BlackElo "2270"]
[PlyCount "100"]
[EventDate "2010.??.??"]

1. e4 c5 2. Nf3 d6 3. d4 cxd4 4. Nxd4 Nf6 5. Nc3 a6 6. g3 Nc6 7. Bg2 Bd7 8. O-O
e6 9. Re1 Be7 10. Nxc6 Bxc6 11. e5 dxe5 12. Bxc6+ bxc6 13. Qxd8+ Rxd8 14. Rxe5
Nd5 15. Na4 Nb4 16. Be3 Nxc2 17. Rc1 Nxe3 18. Rxe3 Bg5 19. f4 Bf6 20. Re2 Rd6
21. Rec2 Bd4+ 22. Kg2 Kd7 23. b4 Rb8 24. a3 f6 25. Nc3 Bxc3 26. Rxc3 Rb5 27.
Kf3 Rbd5 28. R1c2 Rd3+ 29. Ke2 Rxc3 30. Rxc3 Rd5 31. Ke3 g5 32. fxg5 Rxg5 33.
Rc4 Re5+ 34. Kd3 Rh5 35. h4 Rd5+ 36. Kc3 h5 37. g4 hxg4 38. Rxg4 Rf5 39. a4 e5
40. Rg7+ Kd6 41. Ra7 Rf3+ 42. Kc4 Rf4+ 43. Kc3 Rxh4 44. Rxa6 Kd5 45. b5 cxb5
46. axb5 f5 47. b6 Kc6 48. Ra5 Re4 49. Rb5 Kxb5 50. b7 Rc4+ 0-1

[Event "Mistrzostwa Polski Niewidomych"]
[Site "Jastrzebia Gora"]
[Date "2010.06.09"]
[Round "1.5"]
[White "Suder, Ryszard"]
[Black "Zoltek, Tadeusz"]
[Result "1-0"]
[WhiteElo "2194"]
[BlackElo "2197"]
[PlyCount "145"]
[EventDate "2010.??.??"]

1. Nf3 Nf6 2. g3 g6 3. b3 Bg7 4. Bb2 O-O 5. Bg2 c5 6. c4 Nc6 7. O-O d6 8. d4
cxd4 9. Nxd4 Nxd4 10. Qxd4 a6 11. Nc3 Rb8 12. Qd3 Bd7 13. Nd5 Nxd5 14. Bxg7 Nf4
15. gxf4 Kxg7 16. c5 Bb5 17. Qd4+ Kg8 18. cxd6 exd6 19. Rfe1 Bc6 20. Rad1 Bxg2
21. Kxg2 Rc8 22. Qxd6 Qa5 23. Qd2 Qf5 24. Rc1 Rcd8 25. Qe3 Rfe8 26. Qf3 Re4 27.
e3 h5 28. Red1 Rxd1 29. Rxd1 Re7 30. Rd5 Qe4 31. Qxe4 Rxe4 32. Kf3 Rb4 33. Rd4
Rb5 34. Ke4 Kg7 35. Rd5 Rb4+ 36. Kd3 Rb6 37. Rd7 h4 38. h3 a5 39. Rd4 Rc6 40.
Rc4 Rd6+ 41. Ke2 b6 42. Rc2 f5 43. Kf3 Rd1 44. Rc6 b5 45. Ra6 a4 46. bxa4 bxa4
47. Rxa4 Rd2 48. Ra7+ Kh6 49. a4 Ra2 50. a5 Ra1 51. Ke2 Ra2+ 52. Kd3 Rxf2 53.
a6 Ra2 54. Kd4 Ra5 55. Kc4 g5 56. Kb4 Ra1 57. fxg5+ Kxg5 58. Kb5 f4 59. exf4+
Kxf4 60. Rg7 Rb1+ 61. Kc6 Rc1+ 62. Kb7 Rb1+ 63. Ka8 Re1 64. Rg4+ Kf5 65. Rxh4
Re8+ 66. Kb7 Re7+ 67. Kc6 Re6+ 68. Kb5 Re5+ 69. Ka4 Re6 70. Rh5+ Kg6 71. Ra5
Re4+ 72. Kb3 Re3+ 73. Kc4 1-0

[Event "Mistrzostwa Polski Niewidomych"]
[Site "Jastrzebia Gora"]
[Date "2010.06.09"]
[Round "1.6"]
[White "Stolarczyk, Anna"]
[Black "Chojnowski, Marcin"]
[Result "0-1"]
[WhiteElo "2106"]
[BlackElo "2130"]
[PlyCount "102"]
[EventDate "2010.??.??"]

1. d4 c5 2. d5 Nf6 3. c4 e6 4. Nc3 exd5 5. cxd5 d6 6. e4 g6 7. f4 Bg7 8. Bd3
O-O 9. Nf3 a6 10. a4 Qb6 11. a5 Qa7 12. Be3 Ng4 13. Bg1 b5 14. axb6 Qxb6 15.
Na4 Qb7 16. h3 Nh6 17. Qc2 Re8 18. Be3 Nf5 19. exf5 Rxe3+ 20. Kf2 Rxd3 21. Qxd3
Bxf5 22. Qd2 Nd7 23. Rhe1 Nf6 24. Nc3 h5 25. Re2 Rb8 26. Ng5 c4 27. Rae1 Bd3
28. Re7 Qxb2 29. Qxb2 Rxb2+ 30. Kf3 Rb3 31. Rc1 Nxd5 32. Nxd5 Be4+ 33. Ke2 Bxd5
34. Rd7 Bb2 35. Rd1 c3 36. Rc7 Rb5 37. g4 hxg4 38. hxg4 a5 39. Nf3 a4 40. Nd4
Ra5 41. f5 gxf5 42. Nxf5 Bb3 43. Rc8+ Kh7 44. Rh1+ Kg6 45. Nd4 Rc5 46. Rd8 Rd5
47. Rg8+ Kf6 48. g5+ Ke7 49. Nf3 c2 50. Rc8 Kd7 51. Rhh8 Bxh8 0-1

[Event "Mistrzostwa Polski Niewidomych"]
[Site "Jastrzebia Gora"]
[Date "2010.06.10"]
[Round "2.1"]
[White "Kulpinski, Piotr"]
[Black "Chojnowski, Marcin"]
[Result "1-0"]
[WhiteElo "2048"]
[BlackElo "2130"]
[PlyCount "105"]
[EventDate "2010.??.??"]

1. d4 d5 2. c4 dxc4 3. e4 Nf6 4. e5 Nd5 5. Bxc4 Nb6 6. Bd3 Nc6 7. Ne2 a6 8.
Nbc3 Nb4 9. Be4 e6 10. O-O Be7 11. Nf4 g6 12. a3 N4d5 13. Nfxd5 exd5 14. Bc2
Be6 15. f4 Qd7 16. f5 gxf5 17. Qh5 O-O-O 18. Bxf5 f6 19. Bxe6 Qxe6 20. Bf4 fxe5
21. Bxe5 Rhg8 22. Qxh7 Nc4 23. Rae1 Qg4 24. Qf5+ Qxf5 25. Rxf5 Nxe5 26. Rexe5
Bd6 27. Re2 Rg4 28. Nxd5 Rxd4 29. Nc3 Rc4 30. Rf3 Bc5+ 31. Kf1 b5 32. g3 Kb7
33. h4 Rg8 34. Re4 Bd4 35. Kg2 a5 36. b3 Rxc3 37. Rxd4 Rc2+ 38. Kh3 c5 39. Rg4
Re8 40. Rg6 Re7 41. h5 Rc1 42. h6 Rh1+ 43. Kg4 c4 44. Rg7 Rc7 45. Kg5 Kb6 46.
Rxc7 Kxc7 47. Kg6 Kd6 48. h7 a4 49. bxc4 bxc4 50. Kg7 Kd5 51. h8=Q Rxh8 52.
Kxh8 Ke4 53. Rf8 1-0

[Event "Mistrzostwa Polski Niewidomych"]
[Site "Jastrzebia Gora"]
[Date "2010.06.10"]
[Round "2.2"]
[White "Zoltek, Tadeusz"]
[Black "Stolarczyk, Anna"]
[Result "1/2-1/2"]
[WhiteElo "2197"]
[BlackElo "2106"]
[PlyCount "70"]
[EventDate "2010.??.??"]

1. d4 d5 2. Nf3 c6 3. c4 e6 4. g3 dxc4 5. Bg2 b5 6. O-O Nf6 7. b3 cxb3 8. Qxb3
a5 9. Bg5 Be7 10. Nc3 b4 11. Na4 Ba6 12. Ne5 Nd5 13. Bxe7 Nxe7 14. Qc2 Bb5 15.
Rfd1 O-O 16. Nc5 Nd5 17. a4 bxa3 18. Rxa3 Qe7 19. Rda1 f6 20. Ned3 a4 21. Nxa4
Nb4 22. Qc5 Qxc5 23. Naxc5 Rxa3 24. Rxa3 Nc2 25. Ra7 Nxd4 26. e3 Bxd3 27. Nxd3
Nb5 28. Rb7 Nd6 29. Ra7 h6 30. Nc5 Re8 31. Bf3 Nb5 32. Rb7 Nd6 33. Rc7 Nb5 34.
Rb7 Nd6 35. Ra7 Nb5 1/2-1/2

[Event "Mistrzostwa Polski Niewidomych"]
[Site "Jastrzebia Gora"]
[Date "2010.06.10"]
[Round "2.3"]
[White "Gunajew, Rafal"]
[Black "Suder, Ryszard"]
[Result "1/2-1/2"]
[WhiteElo "2270"]
[BlackElo "2194"]
[PlyCount "39"]
[EventDate "2010.??.??"]

1. e4 d6 2. d4 Nf6 3. Nc3 g6 4. Be3 Bg7 5. h3 O-O 6. f4 e5 7. Qf3 Nc6 8. Nge2
Nh5 9. O-O-O Nxf4 10. Bxf4 exf4 11. Qxf4 f5 12. Kb1 fxe4 13. Qxe4 Bf5 14. Qd5+
Kh8 15. a3 Qd7 16. Qb3 Na5 17. Qb4 Nc6 18. Qb3 Na5 19. Qb4 Nc6 20. Qb3 1/2-1/2

[Event "Mistrzostwa Polski Niewidomych"]
[Site "Jastrzebia Gora"]
[Date "2010.06.10"]
[Round "2.4"]
[White "Stachanczyk, Jacek"]
[Black "Migala, Andrzej"]
[Result "1-0"]
[WhiteElo "2238"]
[BlackElo "2119"]
[PlyCount "49"]
[EventDate "2010.??.??"]

1. e4 c5 2. Nf3 d6 3. d4 cxd4 4. Nxd4 Nf6 5. Nc3 a6 6. Bg5 e6 7. f4 Be7 8. Qf3
Qc7 9. O-O-O Nbd7 10. Bd3 h6 11. Bh4 g5 12. fxg5 Ne5 13. Qe2 Nfg4 14. Nf3 hxg5
15. Bxg5 Bxg5+ 16. Nxg5 Qc5 17. Nh3 Bd7 18. Rde1 O-O-O 19. Nd1 Rdg8 20. Kb1 Kb8
21. Qd2 b5 22. Be2 Bc6 23. b4 Nc4 24. Bxc4 Qxc4 25. Nb2 1-0

[Event "Mistrzostwa Polski Niewidomych"]
[Site "Jastrzebia Gora"]
[Date "2010.06.10"]
[Round "2.5"]
[White "Falkowski, Dawid"]
[Black "Dukaczewski, Piotr"]
[Result "0-1"]
[WhiteElo "2116"]
[BlackElo "2317"]
[PlyCount "80"]
[EventDate "2010.??.??"]

1. e4 c5 2. Nf3 Nc6 3. d4 cxd4 4. Nxd4 Nf6 5. Nc3 e5 6. Nb3 Bb4 7. Bg5 h6 8.
Bxf6 Qxf6 9. Bc4 O-O 10. Qd3 Qg6 11. f3 a6 12. O-O b5 13. Bd5 Bb7 14. Qe3 Rfc8
15. f4 Na5 16. Nxa5 Bc5 17. Qxc5 Rxc5 18. Nxb7 Rc7 19. Nd6 Qxd6 20. Bxa8 b4 21.
Nd1 Rxc2 22. Bd5 exf4 23. Rf2 Qc5 24. Kf1 g5 25. Bb3 Qb5+ 26. Ke1 Rc8 27. Rd2
Kg7 28. Nf2 a5 29. Rd5 Rc5 30. Ba4 Qb6 31. Rxd7 g4 32. Bb3 g3 33. Rxf7+ Kg6 34.
hxg3 a4 35. Nd3 axb3 36. Nxc5 Kxf7 37. Nxb3 Qg1+ 38. Ke2 Qxg2+ 39. Kd3 fxg3 40.
Nd4 Qxb2 0-1

[Event "Mistrzostwa Polski Niewidomych"]
[Site "Jastrzebia Gora"]
[Date "2010.06.10"]
[Round "2.6"]
[White "Pawelec, Bartosz"]
[Black "Mackowiak, Marek"]
[Result "1/2-1/2"]
[WhiteElo "2045"]
[BlackElo "2239"]
[PlyCount "60"]
[EventDate "2010.??.??"]

1. e4 g6 2. d4 Bg7 3. c3 b6 4. f4 Bb7 5. Bd3 c5 6. Nf3 Qc8 7. O-O Nf6 8. Nbd2
O-O 9. e5 Nd5 10. Ne4 cxd4 11. cxd4 Ba6 12. a3 Bxd3 13. Qxd3 Qa6 14. Qb3 Qb7
15. Nc5 Qc6 16. Na4 h6 17. Bd2 Qe6 18. f5 gxf5 19. Nh4 f4 20. Qd3 Nc6 21. Bxf4
Qg4 22. g3 e6 23. Nc3 Nce7 24. Bd2 f6 25. Rae1 fxe5 26. Rxf8+ Rxf8 27. dxe5 Qh5
28. Nxd5 Nxd5 29. Qe4 Rc8 30. Ng6 Re8 1/2-1/2

[Event "Mistrzostwa Polski Niewidomych"]
[Site "Jastrzebia Gora"]
[Date "2010.06.10"]
[Round "3.1"]
[White "Mackowiak, Marek"]
[Black "Kulpinski, Piotr"]
[Result "1-0"]
[WhiteElo "2239"]
[BlackElo "2048"]
[PlyCount "51"]
[EventDate "2010.??.??"]

1. e4 d6 2. d4 e5 3. c3 Nf6 4. Bd3 Be7 5. Ne2 O-O 6. O-O c6 7. Nd2 Re8 8. h3
Bf8 9. Ng3 b6 10. f4 Ba6 11. Nf3 Bxd3 12. Qxd3 Nbd7 13. Be3 Rc8 14. Rad1 Qc7
15. Kh1 c5 16. fxe5 dxe5 17. d5 c4 18. Qe2 Nc5 19. Bxc5 Qxc5 20. Nh4 Rc7 21.
Rxf6 gxf6 22. Nhf5 Rd7 23. Nh5 Rd6 24. Rf1 b5 25. Nxd6 Bxd6 26. Nxf6+ 1-0

[Event "Mistrzostwa Polski Niewidomych"]
[Site "Jastrzebia Gora"]
[Date "2010.06.10"]
[Round "3.2"]
[White "Dukaczewski, Piotr"]
[Black "Pawelec, Bartosz"]
[Result "1/2-1/2"]
[WhiteElo "2317"]
[BlackElo "2045"]
[PlyCount "60"]
[EventDate "2010.??.??"]

1. c4 e5 2. Nc3 Nc6 3. Nf3 g6 4. d4 exd4 5. Nxd4 Bg7 6. Nc2 d6 7. e4 Be6 8. Bd2
Nge7 9. Be2 O-O 10. O-O f5 11. Rb1 Qd7 12. b3 Rae8 13. Qc1 fxe4 14. Nxe4 Bf5
15. Ng3 Nd4 16. Bd1 Bd3 17. Re1 Nef5 18. Be3 Nxe3 19. fxe3 Nf5 20. Bg4 Qe7 21.
Nxf5 Bxf5 22. Bxf5 Rxf5 23. Nd4 Re5 24. Qd2 Rxe3 25. Nc2 Re5 26. Rxe5 Qxe5 27.
b4 Qc3 28. Qxc3 Bxc3 29. Rb3 Bf6 30. Kf1 Re4 1/2-1/2

[Event "Mistrzostwa Polski Niewidomych"]
[Site "Jastrzebia Gora"]
[Date "2010.06.10"]
[Round "3.3"]
[White "Migala, Andrzej"]
[Black "Falkowski, Dawid"]
[Result "1/2-1/2"]
[WhiteElo "2119"]
[BlackElo "2116"]
[PlyCount "60"]
[EventDate "2010.??.??"]

1. e4 c5 2. Nc3 Nc6 3. Bb5 Nf6 4. Bxc6 bxc6 5. d3 g6 6. f4 Bg7 7. Nf3 d6 8. O-O
O-O 9. Qe1 e6 10. e5 Nd5 11. exd6 Qxd6 12. Ne4 Qc7 13. g3 Qb6 14. Kg2 Ba6 15.
Ne5 Rad8 16. Qe2 Rfe8 17. a3 f6 18. Nc4 Bxc4 19. dxc4 Ne7 20. c3 Nf5 21. b4 e5
22. fxe5 Rxe5 23. Bf4 Re6 24. Qf3 cxb4 25. axb4 Rde8 26. c5 Qb5 27. Nd6 Nxd6
28. cxd6 g5 29. d7 Rd8 30. Be3 Rxd7 1/2-1/2

[Event "Mistrzostwa Polski Niewidomych"]
[Site "Jastrzebia Gora"]
[Date "2010.06.10"]
[Round "3.4"]
[White "Suder, Ryszard"]
[Black "Stachanczyk, Jacek"]
[Result "1-0"]
[WhiteElo "2194"]
[BlackElo "2238"]
[PlyCount "57"]
[EventDate "2010.??.??"]

1. Nf3 g6 2. g3 Nf6 3. Bg2 Bg7 4. O-O O-O 5. c4 d6 6. Nc3 e5 7. d4 Nc6 8. h3
Nxd4 9. Nxd4 exd4 10. Qxd4 Be6 11. Qh4 Nd7 12. Bg5 f6 13. Be3 c6 14. Rfd1 Ne5
15. b3 Qa5 16. Rxd6 Bxc4 17. Rc1 Ba6 18. Ne4 Bxe2 19. Nxf6+ Bxf6 20. Rxf6 Nf3+
21. Bxf3 Bxf3 22. Bh6 Rf7 23. Rxf7 Kxf7 24. Qf4+ Qf5 25. Qc7+ Ke6 26. Re1+ Kd5
27. Bf4 Qf6 28. Re5+ Kd4 29. Qa5 1-0

[Event "Mistrzostwa Polski Niewidomych"]
[Site "Jastrzebia Gora"]
[Date "2010.06.10"]
[Round "3.5"]
[White "Stolarczyk, Anna"]
[Black "Gunajew, Rafal"]
[Result "0-1"]
[WhiteElo "2106"]
[BlackElo "2270"]
[PlyCount "86"]
[EventDate "2010.??.??"]

1. d4 Nf6 2. c4 g6 3. Nc3 d5 4. cxd5 Nxd5 5. e4 Nxc3 6. bxc3 Bg7 7. Bb2 O-O 8.
h3 c5 9. Nf3 Qa5 10. Qd2 Nc6 11. Bc4 e6 12. d5 Rd8 13. a4 exd5 14. exd5 Ne7 15.
Ng5 Nf5 16. O-O Nd6 17. Bb3 h6 18. Nf3 Ne4 19. Qf4 Nxc3 20. Qc4 Qb4 21. Bxc3
Qxc4 22. Bxc4 Bxc3 23. Rac1 Bf6 24. Rfe1 Bd7 25. Bb3 Rac8 26. Ne5 Be8 27. Re4
Kf8 28. Rd1 Bxe5 29. Rxe5 c4 30. Bc2 Rd6 31. a5 Rc5 32. Rb1 Rdxd5 33. Rxd5 Rxd5
34. Rxb7 Rxa5 35. Rc7 Ra1+ 36. Kh2 Rc1 37. Rxc4 a5 38. Bb3 Rxc4 39. Bxc4 a4 40.
Kg3 a3 41. Kf4 Bd7 42. Ba2 Be6 43. Bb1 a2 0-1

[Event "Mistrzostwa Polski Niewidomych"]
[Site "Jastrzebia Gora"]
[Date "2010.06.10"]
[Round "3.6"]
[White "Chojnowski, Marcin"]
[Black "Zoltek, Tadeusz"]
[Result "0-1"]
[WhiteElo "2130"]
[BlackElo "2197"]
[PlyCount "98"]
[EventDate "2010.??.??"]

1. d4 Nf6 2. Nf3 d5 3. c4 e6 4. g3 Be7 5. Bg2 O-O 6. O-O c6 7. Nc3 Nbd7 8. b3
b6 9. Bb2 Bb7 10. Re1 Rc8 11. Ne5 Nxe5 12. dxe5 Ng4 13. Qd4 h5 14. e3 f6 15. f3
fxe5 16. Qd2 Nh6 17. Ne2 Bf6 18. Rad1 Qe7 19. f4 e4 20. Nd4 Nf5 21. Qe2 g6 22.
Bh3 Rcd8 23. Kh1 c5 24. Bxf5 exf5 25. Nb5 a6 26. Bxf6 Rxf6 27. Nc3 d4 28. Na4
d3 29. Qb2 Rfd6 30. Rd2 Qg7 31. Qxg7+ Kxg7 32. h4 Rb8 33. Nc3 Bc6 34. Kg2 Rd7
35. Kf2 b5 36. cxb5 axb5 37. Rb1 Rc7 38. Ke1 Ra8 39. Rbb2 Kf7 40. Kd1 Ke6 41.
Kc1 b4 42. Nd1 Ra3 43. Kb1 Bd5 44. Rf2 Ra8 45. Rbd2 c4 46. bxc4 Rxc4 47. Rh2
Rc7 48. Rhf2 b3 49. axb3 Bxb3 0-1

[Event "Mistrzostwa Polski Niewidomych"]
[Site "Jastrzebia Gora"]
[Date "2010.06.11"]
[Round "4.1"]
[White "Kulpinski, Piotr"]
[Black "Zoltek, Tadeusz"]
[Result "1-0"]
[WhiteElo "2048"]
[BlackElo "2197"]
[PlyCount "73"]
[EventDate "2010.??.??"]

1. d4 Nf6 2. c4 e6 3. Nc3 d5 4. Nf3 Nbd7 5. Bg5 Be7 6. e3 c6 7. Bd3 O-O 8. O-O
Re8 9. Rc1 Nf8 10. Ne5 dxc4 11. Bxc4 Nd5 12. Bxe7 Qxe7 13. e4 Nb6 14. Bb3 Rd8
15. Ne2 Nbd7 16. Nf3 b6 17. Qc2 Bb7 18. Ng3 Rac8 19. Qe2 c5 20. Rfd1 cxd4 21.
Rxc8 Rxc8 22. Nxd4 Nc5 23. Bc2 g6 24. Qg4 Ncd7 25. Bb3 Nc5 26. Bc2 Ncd7 27. a3
Kh8 28. Bb3 Nc5 29. Bc2 Ncd7 30. Bb1 Qf6 31. b4 Ne5 32. Qe2 Nc4 33. Nb5 a6 34.
Nd6 Nxd6 35. e5 Qf4 36. exd6 Nd7 37. Bd3 1-0

[Event "Mistrzostwa Polski Niewidomych"]
[Site "Jastrzebia Gora"]
[Date "2010.06.11"]
[Round "4.2"]
[White "Gunajew, Rafal"]
[Black "Chojnowski, Marcin"]
[Result "0-1"]
[WhiteElo "2270"]
[BlackElo "2130"]
[PlyCount "112"]
[EventDate "2010.??.??"]

1. e4 c5 2. Nf3 Nc6 3. Nc3 Nf6 4. g3 e5 5. Bg2 d6 6. O-O g6 7. d3 Bg7 8. h3 O-O
9. Nd2 Nh5 10. Nc4 Be6 11. a4 Nd4 12. Kh2 Qe7 13. Be3 Rad8 14. f4 exf4 15. gxf4
Qh4 16. Bxd4 Qg3+ 17. Kh1 Bxh3 18. Qf3 Bxg2+ 19. Qxg2 Qh4+ 20. Qh2 Ng3+ 21. Kg2
Qxh2+ 22. Kxh2 Nxf1+ 23. Rxf1 Bxd4 24. Nb5 d5 25. exd5 Rxd5 26. Re1 a6 27. Nbd6
Bxb2 28. Rb1 Bd4 29. Rxb7 g5 30. Kg3 f5 31. Re7 g4 32. Re6 Rd8 33. Nb7 Rb8 34.
Nb6 Rxb7 35. Nxd5 Rb1 36. Rxa6 Rg1+ 37. Kh2 Re1 38. Ra8+ Kg7 39. Ra7+ Kh6 40.
c3 Re2+ 41. Kh1 Bf2 42. Ne7 Be1 43. Nxf5+ Kg6 44. Ne7+ Kh5 45. Nd5 Kh4 46. Re7
Rxe7 47. Nxe7 Kh3 48. Nf5 Bxc3 49. Ne3 g3 50. f5 h5 51. Ng2 Kg4 52. Ne3+ Kf3
53. Ng2 Kf2 54. Nh4 Bf6 55. Ng2 h4 56. Nf4 Be5 0-1

[Event "Mistrzostwa Polski Niewidomych"]
[Site "Jastrzebia Gora"]
[Date "2010.06.11"]
[Round "4.3"]
[White "Stachanczyk, Jacek"]
[Black "Stolarczyk, Anna"]
[Result "1-0"]
[WhiteElo "2238"]
[BlackElo "2106"]
[PlyCount "23"]
[EventDate "2010.??.??"]

1. e4 Nc6 2. Nf3 d5 3. exd5 Qxd5 4. Nc3 Qd8 5. d4 Bg4 6. d5 Ne5 7. Nxe5 Bxd1 8.
Bb5+ c6 9. dxc6 bxc6 10. Bxc6+ Qd7 11. Bxd7+ Kd8 12. Kxd1 1-0

[Event "Mistrzostwa Polski Niewidomych"]
[Site "Jastrzebia Gora"]
[Date "2010.06.11"]
[Round "4.4"]
[White "Falkowski, Dawid"]
[Black "Suder, Ryszard"]
[Result "0-1"]
[WhiteElo "2116"]
[BlackElo "2194"]
[PlyCount "33"]
[EventDate "2010.??.??"]

1. e4 d6 2. d4 Nf6 3. Nc3 g6 4. f4 Bg7 5. Nf3 c5 6. Bb5+ Bd7 7. e5 Ng4 8. e6
Bxb5 9. exf7+ Kd7 10. Nxb5 Qa5+ 11. Nc3 cxd4 12. Nxd4 Bxd4 13. Qxd4 Nc6 14. Qc4
Nb4 15. Qb3 Qc5 16. Ne4 Nxc2+ 17. Kf1 0-1

[Event "Mistrzostwa Polski Niewidomych"]
[Site "Jastrzebia Gora"]
[Date "2010.06.11"]
[Round "4.5"]
[White "Pawelec, Bartosz"]
[Black "Migala, Andrzej"]
[Result "1/2-1/2"]
[WhiteElo "2045"]
[BlackElo "2119"]
[PlyCount "49"]
[EventDate "2010.??.??"]

1. c4 c5 2. Nc3 Nc6 3. g3 g6 4. Bg2 Bg7 5. e3 e6 6. Nge2 Nge7 7. O-O O-O 8. d4
cxd4 9. Nxd4 Nxd4 10. exd4 d5 11. cxd5 Nxd5 12. Nxd5 exd5 13. Be3 Be6 14. Rc1
Qd7 15. Qd2 Rac8 16. h4 h5 17. b3 b6 18. Bf3 Rxc1 19. Rxc1 Rc8 20. Kg2 Bh3+ 21.
Kh2 Be6 22. Kg2 Bh3+ 23. Kh2 Be6 24. Kg2 Bh3+ 25. Kh2 1/2-1/2

[Event "Mistrzostwa Polski Niewidomych"]
[Site "Jastrzebia Gora"]
[Date "2010.06.11"]
[Round "4.6"]
[White "Mackowiak, Marek"]
[Black "Dukaczewski, Piotr"]
[Result "0-1"]
[WhiteElo "2239"]
[BlackElo "2317"]
[PlyCount "92"]
[EventDate "2010.??.??"]

1. d4 d5 2. c4 dxc4 3. Nc3 a6 4. e3 b5 5. a4 b4 6. Na2 e6 7. Bxc4 Bb7 8. Nf3
Nf6 9. O-O Bd6 10. a5 Nc6 11. Bd2 O-O 12. Nc1 Ne4 13. Qc2 Ng5 14. Nxg5 Qxg5 15.
g3 Qh5 16. f4 Rab8 17. Be2 Qh3 18. Bf3 Ne7 19. Bxb7 Rxb7 20. e4 Rb5 21. Nd3 c6
22. b3 Rfb8 23. Qc4 Qg4 24. Rf2 h5 25. Nb2 h4 26. Qe2 Qg6 27. Nc4 Bc7 28. Rg2
h3 29. Rf2 c5 30. dxc5 Nc6 31. f5 exf5 32. Rxf5 Nd4 33. Qf2 Nxf5 34. exf5 Qf6
35. Rc1 Qc6 36. Be3 Re8 37. Rc2 Rbb8 38. Qf1 Rbd8 39. Re2 Rd3 40. Kf2 Rxb3 41.
Qxh3 Qd5 42. Qg4 Re4 43. Qg5 Rxc4 44. Qe7 Qd8 45. Qxd8+ Bxd8 46. Rd2 Bxa5 0-1

[Event "Mistrzostwa Polski Niewidomych"]
[Site "Jastrzebia Gora"]
[Date "2010.06.12"]
[Round "5.1"]
[White "Dukaczewski, Piotr"]
[Black "Kulpinski, Piotr"]
[Result "1-0"]
[WhiteElo "2317"]
[BlackElo "2048"]
[PlyCount "65"]
[EventDate "2010.??.??"]

1. d4 d5 2. Nf3 Nf6 3. g3 c6 4. Bg2 e6 5. O-O Nbd7 6. b3 Bd6 7. Bb2 O-O 8. c4
b6 9. Nbd2 Bb7 10. Qc2 Rc8 11. e4 Nxe4 12. Nxe4 dxe4 13. Qxe4 Nf6 14. Qh4 c5
15. dxc5 Bxc5 16. Ng5 h6 17. Bxb7 hxg5 18. Qxg5 Rc7 19. Rad1 Qe7 20. Be4 Ne8
21. Qh5 f5 22. Bb1 Nf6 23. Qg6 Rd7 24. Rde1 Ne4 25. Bxe4 fxe4 26. Qxe4 Rd2 27.
Re2 Rxe2 28. Qxe2 Rf5 29. Kg2 Qd6 30. f3 e5 31. Rd1 Bd4 32. Qe4 Qf8 33. Bxd4
1-0

[Event "Mistrzostwa Polski Niewidomych"]
[Site "Jastrzebia Gora"]
[Date "2010.06.12"]
[Round "5.2"]
[White "Migala, Andrzej"]
[Black "Mackowiak, Marek"]
[Result "1-0"]
[WhiteElo "2119"]
[BlackElo "2239"]
[PlyCount "105"]
[EventDate "2010.??.??"]

1. e4 g6 2. d4 Bg7 3. Nc3 d6 4. Be3 a6 5. a4 Nf6 6. h3 O-O 7. Nf3 Nbd7 8. Be2
c6 9. Nd2 e5 10. dxe5 dxe5 11. Nc4 Qe7 12. Qd6 Qxd6 13. Nxd6 b6 14. O-O-O b5
15. g4 Rd8 16. g5 Ne8 17. Nxc8 Raxc8 18. Bg4 Nf8 19. Bxc8 Rxc8 20. axb5 axb5
21. Rd2 Ne6 22. Ne2 f5 23. gxf6 Nxf6 24. f3 Kf7 25. c3 c5 26. Kc2 Ra8 27. Rdd1
Bf8 28. Ra1 Rb8 29. Ra7+ Be7 30. Rha1 b4 31. Nc1 bxc3 32. bxc3 Ne8 33. Nd3 Kf6
34. Nxe5 Kxe5 35. Rxe7 Kf6 36. Rd7 Rb6 37. Raa7 Nd6 38. Rxh7 Nc4 39. Bc1 Ng5
40. Bxg5+ Kxg5 41. Raf7 Ne3+ 42. Kd3 Ng2 43. Kc4 Rc6 44. Kb5 Rc8 45. c4 Rb8+
46. Kxc5 Rc8+ 47. Kb5 Rb8+ 48. Kc6 Rc8+ 49. Rc7 Rf8 50. Rhf7 Rh8 51. e5 Nf4 52.
Rxf4 Kxf4 53. e6 1-0

[Event "Mistrzostwa Polski Niewidomych"]
[Site "Jastrzebia Gora"]
[Date "2010.06.12"]
[Round "5.3"]
[White "Suder, Ryszard"]
[Black "Pawelec, Bartosz"]
[Result "1-0"]
[WhiteElo "2194"]
[BlackElo "2045"]
[PlyCount "65"]
[EventDate "2010.??.??"]

1. Nf3 Nf6 2. g3 g6 3. b3 Bg7 4. Bb2 d6 5. d4 c5 6. d5 Bg4 7. Bg2 Qc8 8. O-O
Bh3 9. e4 Bxg2 10. Kxg2 O-O 11. Nbd2 Na6 12. Re1 Nc7 13. a4 b6 14. Nc4 Rd8 15.
Qe2 Nh5 16. Bxg7 Kxg7 17. Rad1 f6 18. Nh4 Kh8 19. Qe3 Rg8 20. h3 g5 21. Nf5
Nf4+ 22. Kh2 Ng6 23. f4 gxf4 24. gxf4 b5 25. axb5 Nxb5 26. c3 Qc7 27. Rg1 e6
28. dxe6 d5 29. exd5 Nxc3 30. Qxc3 Qxf4+ 31. Ng3 Nh4 32. Rdf1 Rxg3 33. Qxg3 1-0

[Event "Mistrzostwa Polski Niewidomych"]
[Site "Jastrzebia Gora"]
[Date "2010.06.12"]
[Round "5.4"]
[White "Stolarczyk, Anna"]
[Black "Falkowski, Dawid"]
[Result "1-0"]
[WhiteElo "2106"]
[BlackElo "2116"]
[PlyCount "33"]
[EventDate "2010.??.??"]

1. d4 Nf6 2. Nf3 e6 3. g3 d5 4. Bg2 Nbd7 5. O-O c6 6. Re1 Be7 7. Nbd2 b6 8. Ne5
Bb7 9. e4 O-O 10. exd5 cxd5 11. c3 Rc8 12. Ndf3 b5 13. a3 Nb6 14. Qe2 a6 15.
Ng5 Rc6 16. Nxc6 Bxc6 17. Bh3 1-0